|
|
|
|
| LEADER |
00000nam0a2200000 4500 |
| 001 |
377460 |
| 005 |
20231102012922.0 |
| 035 |
|
|
|a (RuTPU)RU\TPU\retro\34911
|
| 090 |
|
|
|a 377460
|
| 100 |
|
|
|a 20230314d1978 k y0rusy50 ca
|
| 101 |
0 |
|
|a rus
|
| 102 |
|
|
|a RU
|
| 105 |
|
|
|a a z 001zy
|
| 200 |
1 |
|
|a Плейстоцен морских субарктических равнин
|f И. Д. Данилов
|
| 210 |
|
|
|a Москва
|c Изд-во Московского ун-та
|d 1978
|
| 215 |
|
|
|a 200 с.
|c ил.
|
| 320 |
|
|
|a Библиогр.: с. 190-196
|
| 606 |
1 |
|
|a Плейстоценовые отложения
|2 stltpush
|3 (RuTPU)RU\TPU\subj\49215
|9 68017
|
| 610 |
1 |
|
|a стратиграфия
|
| 610 |
1 |
|
|a речные долины
|
| 610 |
1 |
|
|a морские отложения
|
| 610 |
1 |
|
|a гранулометрический состав
|
| 610 |
1 |
|
|a аллювиальные отложения
|
| 675 |
|
|
|a 551.791
|v 4
|
| 700 |
|
1 |
|a Данилов
|b И. Д.
|g Игорь Дмитриевич
|
| 801 |
|
1 |
|a RU
|b 63413507
|c 20230314
|
| 942 |
|
|
|c BK
|